000
00336nam a22001577a 4500
003
SGT
020
_a
978-81-7739-4009
082
_a
616.5
_b
D16S
100
_a
SHRIVASTAVA, S.B.
245
_a
TB. OF DERMATOLOGY
250
_a
1ST
260
_a
INDIA
_b
APC DELHI
_c
2016
300
_a
355
650
_a
DERMATOLOGY
942
_2
ddc
_c
BK
999
_c
18669
_d
18669